| 000 | 00000nam##2200000za#4500 |
| 001 | 9.601858 |
| 003 | CaOODSP |
| 005 | 20210624210257 |
| 007 | cr ||||||||||| |
| 008 | 150406|1998||||xxc|||||o f|0| 0 fre|d |
| 040 | |aCaOODSP|bfre |
| 043 | |an-cn--- |
| 086 | 1 |aTU3-5/98-7F-PDF |
| 110 | 2 |aBureau de la sécurité des transports du Canada. |
| 245 | 10|aCollision en vol entre le Cessna 172 C-GXSD de Transport Air et le Diamond DA 20-A1 Katana C-GADA d'Aérotaxi à l'aéroport de Saint-Hubert (Québec), le 26 février 1998 |h[ressource électronique] |
| 260 | |aGatineau - Québec : |bBureau de la sécurité des transports du Canada |c[2000]. |
| 300 | |a10p. |
| 490 | 1 |aRapport d'enquête aéronautique |vA98Q0029 |
| 590 | |a12-01-Supp|b2012-01-13 |
| 775 | 08|tMid-air collision between Transport Air Cessna 172 C-GXSD and Aérotaxi Diamond DA 20-A1 Katana C-GADA, St-Hubert Airport, Quebec, 26 February 1998 |w(CaOODSP)9.571237 |
| 830 | #0|aRapport d'enquête aéronautique ;|vA98Q0029|w(CaOODSP)9.501229 |
| 856 | 40|ahttp://publications.gc.ca|qPDF|s87 Ko|uhttps://publications.gc.ca/collections/collection_2011/bst-tsb/TU3-5-98-7-fra.pdf|yA98Q0029 |